VILO - Rzeki świata - Statystyki

Ogólne statystyki
  • Ten quiz został rozwiązany 136 razy
    135 od ostatniego zresetowania
  • Średni wynik to 33 z 55
Odpowiedzi na mapie
Odpowiedzi zakodowano w zielono-czerwonej skali na mapie do tego quizu, zgodnie z poniższymi procentami.
 
Statystyki odpowiedzi
Odpowiedź % Poprawnych
Kongo
92%
Amazonka
86%
Nil
86%
Niger
82%
Jordan
80%
Paragwaj
78%
Rzeka Senegal
78%
Dniepr
73%
Missisipi
71%
Missouri
71%
Rzeka Świętego Wawrzyńca
71%
Sekwana
71%
Tygrys i Eufrat
71%
Huang-he
69%
Rzeka Kolorado
69%
Ganges
67%
Jangcy
67%
Mekkong
67%
Rzeka Mackenzie
67%
Tamiza
67%
Nil Błękitny
65%
Rzeka Murray
65%
Wołga
65%
Niemen
63%
Dunaj
61%
Łaba
61%
Brahmaputra
59%
Don
59%
Niagara
57%
Amur
55%
Ebro
55%
Ob
55%
Parana
55%
Rzeka Jukon
55%
Zambezi
55%
Amu-Daria
53%
Syr-Daria
53%
Pad
51%
Cisa
49%
Garonna
49%
Oranje
49%
Jenisej
47%
Ren
47%
Lena
45%
Loara
45%
Rodan
45%
Ucayali
45%
Inn
43%
Irtysz
43%
Duero
41%
Tag
41%
Limpopo
37%
Angara
35%
Dwina
33%
Peczora
29%
Nie znaleziono quizów pasujących do podanych kryteriów
Rozkład punktacji
Procent ludzi z każdym wynikiem
Percentyl według liczby udzielonych odpowiedzi
Twoja historia wyników
Nie rozwiązałeś tego quizu od ostatniego zresetowania